[Event "LJEM M-V 2023 u12"]
[Site "Fleether Mühle"]
[Date "2023.02.05"]
[Round "3.7"]
[White "Jakobi, Paul Leonhard"]
[Black "Martinez, Gabriel"]
[Result "1-0"]
[WhiteElo "888"]
[BlackElo "793"]
[Time "14:30:00"]
[WhiteTeam "SF Schwerin"]
[BlackTeam "Think Rochade - SC HRO"]

1.e4 e5 2.Nf3 Nc6 3.Bc4 Nf6 4.d3 Bb4+ 5.c3 Be7 6.O-O O-O 7.Re1 d6 8.Nbd2 
Bg4 9.h3 Bxf3 10.Nxf3 Na5 11.Bb3 b6 12.Bc2 c5 13.a3 b5 14.b4 cxb4 15.axb4 
Nc6 16.Bb3 a6 17.d4 exd4 18.Nxd4 Nxd4 19.cxd4 Re8 20.Bb2 d5 21.e5 Ne4 22.
Qd3 Bxb4 23.Rec1 h6 24.Ba3 Bxa3 25.Rxa3 Qd7 26.Re1 a5 27.Bxd5 Qxd5 28.Rxe4
f6 29.Rc3 Rac8 30.Rxc8 Rxc8 31.exf6 gxf6 32.Rg4+ Kf7 33.Qh7+ Ke6 34.Qxh6 
Kd6 35.Qxf6+ Kc7 36.Rg7+ Kb8 37.Qb6+ Qb7 38.Qxb7# 1-0

[Event "LJEM M-V 2023 u12"]
[Site "Fleether Mühle"]
[Date "2023.02.05"]
[Round "3.8"]
[White "Lott, Konstantin"]
[Black "Lieb, Attila"]
[Result "1-0"]
[WhiteElo "873"]
[BlackElo "748"]
[Time "14:30:00"]
[WhiteTeam "Think Rochade - SC HRO"]
[BlackTeam "ESV 1888 Wittenberge"]

1.e4 e6 2.Nf3 d5 3.exd5 exd5 4.d4 Nf6 5.Nc3 Bf5 6.Bf4 c6 7.Bd3 Bxd3 8.Qxd3
Bd6 9.Bg5 h6 10.Bh4 O-O 11.O-O-O Bf4+ 12.Kb1 Re8 13.g3 Bd6 14.h3 g5 15.
Bxg5 hxg5 16.Nxg5 Nbd7 17.h4 c5 18.Nxd5 Rc8 19.h5 Bf8 20.h6 Bxh6 21.Rxh6 
Nf8 22.c4 b5 23.Rdh1 bxc4 24.Nxf6+ Kg7 25.Nxe8+ Qxe8 26.Qc3 cxd4 27.Qxd4+ 
Kg8 28.Rh8# 1-0

[Event "LJEM M-V 2023 u12"]
[Site "Fleether Mühle"]
[Date "2023.02.05"]
[Round "3.9"]
[White "Ludwig, Theo Lennard"]
[Black "Volkmann, Liliera"]
[Result "0-1"]
[WhiteElo "746"]
[BlackElo "844"]
[Time "14:30:00"]
[WhiteTeam "SV Grün-Weiß 90 Anklam"]
[BlackTeam "TuS Makkabi Rostock"]

1.e4 e5 2.Nf3 Nc6 3.d4 f6 4.Nc3 Bb4 5.Bc4 Nge7 6.O-O d6 7.d5 Na5 8.b3 Bxc3
9.Bd2 Bxa1 10.Qxa1 O-O 11.Bxa5 Qe8 12.Re1 Qg6 13.Nh4 Qg5 14.Nf3 Qg6 15.Qc1
Bh3 16.g3 Qh5 17.Qe3 f5 18.exf5 Rxf5 19.Nh4 Rf7 20.Bd3 Nxd5 21.Qe2 Rf4 22.
Qxh5 Rxf2 23.Kxf2 Rf8+ 24.Ke2 Rf4 25.gxf4 Nxf4+ 26.Kf3 Nxh5 27.Bxc7 g6 28.
Bxd6 Nf4 29.Kg3 g5 30.Nf5 h5 31.Ne7+ Kf7 32.Bc4+ Kf6 33.Rxe5 h4+ 34.Kf3 
Bg2+ 35.Kf2 a6 36.Ng8+ Kg6 37.Ne7+ Kf6 38.Bc5 Kxe5 39.Be3 g4 40.Bxf4+ Kxf4
41.Bf1 g3+ 42.hxg3+ hxg3+ 43.Kg1 Be4 44.c3 b5 45.c4 Ke5 0-1

[Event "LJEM M-V 2023 u12"]
[Site "Fleether Mühle"]
[Date "2023.02.05"]
[Round "3.10"]
[White "Stigge, Jakob"]
[Black "Hampe, Adrian"]
[Result "1-0"]
[WhiteElo "786"]
[BlackElo "763"]
[Time "14:30:00"]
[WhiteTeam "SSC Rostock 07"]
[BlackTeam "Lok Gymnas Pritzwalk"]

1.e4 e5 2.Nf3 Nc6 3.Bc4 Bc5 4.O-O d6 5.h3 Nf6 6.Nc3 O-O 7.d3 Bd4 8.Nxd4 
exd4 9.Ne2 d5 10.Bg5 dxc4 11.dxc4 h6 12.Bxf6 Qxf6 13.Re1 Qg6 14.Ng3 Nb4 
15.c3 Nc6 16.cxd4 Bd7 17.d5 Ne5 18.Qd4 Qf6 19.Qe3 Nxc4 20.Qc3 Qxc3 21.bxc3
c6 22.Rab1 b6 23.dxc6 Bxc6 24.Rb4 Na3 25.Rb3 Nc4 26.e5 Nd2 27.Rb2 Nc4 28.
Rb4 Na5 29.Nf5 g6 30.Ne7+ Kg7 31.Rg4 g5 32.Nf5+ Kg6 33.Ne7+ Kh7 34.h4 Bd7 
35.Rg3 Rae8 36.e6 Rxe7 37.hxg5 Bxe6 38.gxh6 Kxh6 39.Kh2 Nc6 40.Rh1 Bh3 41.
Kg1 Re5 42.Rgxh3+ Kg6 43.Rg3+ Kf6 44.Rh6+ Ke7 45.Rxc6 Re2 46.Rc7+ Kd8 47.
Rxa7 Re1+ 48.Kh2 Rh8+ 49.Rh3 Rxh3+ 50.Kxh3 Re2 51.Ra8+ Kc7 52.Ra7+ Kb8 53.
Rxf7 Rxa2 54.Rf8+ Ka7 55.Rf7+ Ka6 56.Kg3 Ra3 57.Rf3 Ra5 58.Rf8 Rg5+ 59.Kh2
Rh5+ 60.Kg1 Rc5 61.Ra8+ Kb7 62.Ra3 Ra5 63.Rb3 Kc6 64.Kf1 b5 65.Ke2 Kc5 66.
Kd3 Ra2 67.Ke3 Ra6 68.Rb2 Kc4 69.Rb4+ Kxc3 70.Rxb5 Re6+ 71.Kf3 Kd4 72.Rb4+
Kc3 73.Re4 Rf6+ 74.Rf4 Rd6 75.Re4 Kd2 76.Re2+ Kd3 77.Re3+ Kd4 78.Re4+ Kd5 
79.Ke3 Rg6 80.Rd4+ Kc5 81.g3 Rc6 82.Rd3 Re6+ 83.Kd2 Rf6 84.Rc3+ Kb4 85.Re3
Rxf2+ 86.Re2 Rxe2+ 87.Kxe2 Kc5 88.Kf3 Kd6 89.Kf4 Ke7 90.Kg5 Kf8 91.Kh6 Kg8
92.Kg6 Kf8 93.Kh7 Kf7 94.g4 Kf6 95.Kh6 Kf7 96.Kh7 Kf6 97.Kh6 Kf7 98.g5 Kg8
99.Kg6 Kh8 100.Kf7 1-0

[Event "LJEM M-V 2023 u12"]
[Site "Fleether Mühle"]
[Date "2023.02.06"]
[Round "4.1"]
[White "Gavrylyuk, Oleksandr"]
[Black "Schröder, Hannes Artur"]
[Result "1/2-1/2"]
[WhiteElo "1226"]
[BlackElo "1290"]
[EventDate "2023.??.??"]
[PlyCount "40"]
[WhiteTeam "TuS Makkabi Rostock"]
[BlackTeam "SG Eintracht Neubrandenburg"]

1.e4 e5 2.Nf3 Nc6 3.Bb5 a6 4.Ba4 Nf6 5.O-O Bc5 6.c3 b5 7.Bc2 O-O 8.d4 exd4
9.cxd4 Bb6 10.a3 d6 11.b4 Bg4 12.Nbd2 Nxd4 13.h3 Bxf3 14.Nxf3 Nxc2 15.Qxc2
h6 16.Bb2 Re8 17.Rfe1 Rc8 18.e5 dxe5 19.Rad1 Qe7 20.Bxe5 Kh8 1/2-1/2

[Event "LJEM M-V 2023 u12"]
[Site "Fleether Mühle"]
[Date "2023.02.06"]
[Round "4.2"]
[White "Vakeel, Eshwar"]
[Black "Wilke, Ronja"]
[Result "1/2-1/2"]
[WhiteElo "1291"]
[BlackElo "1193"]
[Time "08:30:00"]
[WhiteTeam "SSC Rostock 07"]
[BlackTeam "SAV Torgelow-Drögeheide 90"]

1.e4 c6 2.d4 d5 3.exd5 cxd5 4.Bd3 Nc6 5.c3 Nf6 6.Bg5 g6 7.Qe2 Bg7 8.Nf3 
Bg4 9.h3 Bxf3 10.Qxf3 O-O 11.Bxf6 Bxf6 12.O-O Re8 13.Bc2 e5 14.Re1 Bg7 15.
h4 exd4 16.Rxe8+ Qxe8 17.Qxd5 Qe1+ 18.Kh2 Be5+ 19.g3 Qxf2+ 20.Qg2 Qxg2+ 
21.Kxg2 dxc3 22.Nxc3 Rd8 23.Rd1 Rxd1 24.Nxd1 Nd4 25.Be4 b6 26.b3 Ne2 27.g4
a5 28.Ne3 Bf4 29.Nc4 Nc3 30.Bf3 Nxa2 31.Nxb6 Nc3 32.Nd5 Nxd5 33.Bxd5 Kg7 
34.Kf3 Bd6 35.h5 Be7 36.Ke4 Kf6 37.Kf3 gxh5 38.gxh5 Kg7 39.Ke3 f6 40.Ke4 
Bd8 41.Kf5 Kh6 42.Bf7 Kg7 43.Bc4 Kf8 44.Be6 Ke7 45.Bg8 h6 46.Kg6 Kf8 47.
Be6 Ke7 48.Bc4 Kd6 49.Kxh6 f5 50.Kg6 Ke5 51.h6 Bf6 52.h7 f4 53.Bd5 Bh8 54.
Bf3 Kd4 55.Kf7 Ke3 56.Bd5 f3 57.Ke6 f2 58.Bc4 Kd2 59.Kd5 Kc2 1/2-1/2

[Event "LJEM M-V 2023 u12"]
[Site "Fleether Mühle"]
[Date "2023.02.06"]
[Round "4.3"]
[White "Briese, Sophie"]
[Black "Wetzig, Karl Anton"]
[Result "1-0"]
[WhiteElo "1050"]
[BlackElo "936"]
[Time "08:30:00"]
[WhiteTeam "SAV Torgelow-Drögeheide 90"]
[BlackTeam "SF Schwerin"]

1.e4 c5 2.Nf3 e6 3.Nc3 Nf6 4.d4 cxd4 5.Nxd4 a6 6.Bg5 h6 7.Bh4 Bc5 8.Be2 
Nc6 9.Nxc6 bxc6 10.O-O Qb6 11.Rb1 d5 12.e5 Ne4 13.Nxe4 dxe4 14.a3 a5 15.
Qe1 O-O 16.Kh1 Ba6 17.Bxa6 Rxa6 18.Bg3 e3 19.fxe3 Bxe3 20.Bf4 Bc5 21.Qg3 
Kh7 22.Rf3 Rg8 23.Qg4 Raa8 24.Rg3 g6 25.Qh3 g5 26.Bxg5 Rg6 27.Bf6 Ra7 28.
Rd1 Qxb2 29.Qxh6+ Rxh6 30.Rg7+ Kh8 31.Rd8+ 1-0

[Event "LJEM M-V 2023 u12"]
[Site "Fleether Mühle"]
[Date "2023.02.06"]
[Round "4.4"]
[White "Jaap, Leo"]
[Black "Jakobi, Paul Leonhard"]
[Result "0-1"]
[WhiteElo "790"]
[BlackElo "888"]
[Time "08:30:00"]
[WhiteTeam "Greifswalder SV"]
[BlackTeam "SF Schwerin"]

1.e4 e5 2.Nf3 Nc6 3.Bc4 Bc5 4.Nc3 Nf6 5.d3 d6 6.Bg5 h6 7.Bh4 Bg4 8.Nd5 Nd4
9.h3 Bh5 10.c3 Nxf3+ 11.gxf3 g5 12.Bg3 c6 13.Ne3 b5 14.Bb3 a5 15.Nf5 a4 
16.Bc2 Bg6 17.Ng7+ Kf8 18.Nf5 Qd7 19.Ne3 Nh5 20.d4 Bb6 21.dxe5 Nxg3 22.
fxg3 Bxe3 23.exd6 Bc5 24.e5 Bxc2 25.Qxc2 Re8 26.Qe4 Bxd6 27.Rd1 b4 28.Rxd6
Qxd6 29.exd6 Rxe4+ 30.fxe4 bxc3 31.bxc3 Ke8 32.Kf2 Kd7 33.Rd1 Re8 34.Kf3 
h5 35.c4 Re6 36.c5 Re5 37.Rc1 f5 38.exf5 Rxf5+ 39.Kg2 Rd5 40.Rc2 a3 41.Rc3
Rd2+ 42.Kf3 Rxa2 43.Rd3 Rc2 44.Rxa3 Rxc5 45.Rd3 Rd5 46.Rxd5 cxd5 47.Ke3 
Kxd6 48.Kd4 Ke6 49.h4 g4 50.Kd3 Ke5 51.Ke3 d4+ 52.Kd2 Ke4 53.Ke2 d3+ 54.
Kd2 Kf3 55.Kxd3 Kxg3 56.Ke2 Kxh4 57.Kf2 Kh3 58.Kf1 Kh2 59.Kf2 g3+ 60.Kf1 
g2+ 61.Ke2 h4 62.Kf3 g1=Q 63.Kf4 h3 64.Kf3 Qg2+ 65.Kf4 Kg1 66.Ke3 h2 67.
Kf4 h1=R 68.Ke5 Rh3 69.Kf4 Rf3+ 70.Ke4 Qe2+ 71.Kd5 Rd3+ 72.Kc4 Qc2+ 73.Kb4
Rb3+ 74.Ka4 Qa2# 0-1

[Event "LJEM M-V 2023 u12"]
[Site "Fleether Mühle"]
[Date "2023.02.06"]
[Round "4.5"]
[White "Subocz, Barbara"]
[Black "Lott, Konstantin"]
[Result "0-1"]
[WhiteElo "900"]
[BlackElo "873"]
[Time "08:30:00"]
[WhiteTeam "SAV Torgelow-Drögeheide 90"]
[BlackTeam "Think Rochade - SC HRO"]

1.e4 e5 2.Nf3 Nc6 3.Bc4 Bc5 4.c3 Nf6 5.d4 exd4 6.e5 Ng4 7.cxd4 Bb4+ 8.Nc3 
d6 9.h3 Nh6 10.Bxh6 gxh6 11.O-O Bf5 12.Qd2 Qe7 13.Qxh6 O-O-O 14.Qe3 Rhg8 
15.Qh6 dxe5 16.dxe5 Bxc3 17.bxc3 Be4 18.Qh5 Nxe5 19.Be2 Rg7 20.Kh1 Nc6 21.
Qh6 Rgg8 22.Bb5 a6 23.Bxc6 Bxc6 24.Qxh7 Qf6 25.Qh5 Kb8 26.Rg1 Rd3 27.Ne5 
Rxc3 28.Nxc6+ Rxc6 29.f3 Rc2 30.Qh7 Rgxg2 31.Rxg2 Qxa1+ 32.Rg1 Qxa2 33.
Qh8+ Ka7 34.Qd4+ b6 35.Qe5 a5 36.Ra1 Qb3 37.Qf4 Qb2 38.Rg1 Rc6 39.Qxf7 Qf2
40.Qf8 Rc2 41.Qf4 a4 42.Qxa4+ Kb7 43.Qe4+ Ka7 44.Ra1+ Ra2 45.Rxa2+ Qxa2 
46.h4 Qf7 47.Qg4 c5 48.h5 c4 49.h6 c3 50.Qe4 Qh5+ 51.Kg2 Qxh6 52.Qe7+ Ka6 
53.Qa3+ Kb7 54.Qxc3 Qg5+ 55.Kf2 b5 56.Qd3 Qc5+ 57.Kg3 b4 58.Qg6 b3 59.Qf7+
Kc6 60.Qxb3 Qg5+ 61.Kf2 Qh4+ 62.Ke3 Qg5+ 63.f4 Qg3+ 64.Ke4 Qxb3 65.f5 Qd5+
66.Kf4 Kd7 67.Kg5 Ke7 68.Kg6 Kf8 69.f6 Qg2+ 70.Kf5 Kf7 71.Ke5 Qf3 0-1

[Event "LJEM M-V 2023 u12"]
[Site "Fleether Mühle"]
[Date "2023.02.06"]
[Round "4.6"]
[White "Isaiev, Andrii"]
[Black "Lange, Friedrich"]
[Result "0-1"]
[WhiteElo "796"]
[BlackElo "883"]
[Time "08:30:00"]
[WhiteTeam "TuS Makkabi Rostock"]
[BlackTeam "TSG Neustrelitz"]

1.e4 c5 2.Nc3 Nc6 3.d3 g6 4.Be3 d6 5.f4 Bg7 6.Nf3 Nf6 7.h3 O-O 8.Ne2 d5 9.
e5 Nd7 10.c3 f6 11.d4 c4 12.Qc2 e6 13.O-O-O f5 14.b4 b5 15.Ng5 Nb6 16.g4 
Bh6 17.h4 Bxg5 18.hxg5 Rf7 19.Rh4 a5 20.a3 axb4 21.axb4 Rfa7 22.Qb2 Ra1+ 
23.Kc2 R1a2 24.Bg2 Rxb2+ 25.Kxb2 Na4+ 26.Kc2 Nb6 27.Kb2 Qc7 28.Rhh1 Qa7 
29.Ra1 Na4+ 30.Kc2 fxg4 31.Rh4 Qf7 32.Ng3 Ne7 33.Rah1 Nf5 34.Nxf5 Qxf5+ 
35.Kd2 Qd3+ 36.Ke1 Qxe3+ 37.Kd1 Nxc3+ 38.Kc2 Qd3+ 39.Kb2 Ra2+ 40.Kc1 Qc2# 
0-1

[Event "LJEM M-V 2023 u12"]
[Site "Fleether Mühle"]
[Date "2023.02.06"]
[Round "4.7"]
[White "Volkmann, Liliera"]
[Black "Brandauer, Pia Marie"]
[Result "0-1"]
[WhiteElo "844"]
[BlackElo "880"]
[Time "08:30:00"]
[WhiteTeam "TuS Makkabi Rostock"]
[BlackTeam "SAV Torgelow-Drögeheide 90"]

1.d4 d5 2.Nf3 Nf6 3.Bf4 c6 4.e3 Bg4 5.Bd3 e6 6.c3 Be7 7.Nbd2 Nbd7 8.Ne5 
Bxd1 9.Rxd1 Nxe5 10.dxe5 Nh5 11.h4 Nxf4 12.exf4 O-O 13.Nf3 c5 14.Bc2 Qa5 
15.Ra1 d4 16.Ng5 dxc3 17.Bxh7+ Kh8 18.O-O Bxg5 19.fxg5 Kxh7 20.h5 cxb2 21.
Rab1 Qxa2 22.f4 c4 23.Rbd1 c3 24.Rf2 b1=N 25.Rxa2 Rad8 26.Rxb1 Rd7 27.Raa1
c2 28.Rc1 Rc8 29.g3 b5 30.g4 f5 31.gxf5 exf5 32.e6 Rd2 33.e7 Re8 34.g6+ 
Kh6 35.Re1 b4 36.Rxa7 b3 37.Rb7 Rd1 38.Kf2 c1=Q 39.Rc7 Qd2+ 40.Re2 Qxf4+ 
41.Kg2 Qf1+ 42.Kg3 Qxe2 43.Kf4 Qe4+ 44.Kg3 Qe5+ 45.Kf2 Qxc7 46.Ke2 Qc2+ 
47.Ke3 Qc4 48.Kf2 Rd3 49.Ke2 Qc2+ 50.Ke1 Rd1# 0-1

[Event "LJEM M-V 2023 u12"]
[Site "Fleether Mühle"]
[Date "2023.02.06"]
[Round "4.8"]
[White "Martinez, Gabriel"]
[Black "Schmechel, Arthur"]
[Result "1-0"]
[WhiteElo "793"]
[BlackElo "764"]
[Time "08:30:00"]
[WhiteTeam "Think Rochade - SC HRO"]
[BlackTeam "SG Güstrow/Teterow"]

1.e4 e5 2.Nf3 Nc6 3.Bb5 Nge7 4.d3 h6 5.Bxc6 Nxc6 6.O-O Bc5 7.Nc3 O-O 8.Na4
Nd4 9.Nxc5 Nxf3+ 10.Qxf3 d6 11.Nb3 Be6 12.Na5 Qd7 13.Nxb7 Bg4 14.Qe3 Qc6 
15.Qg3 Be2 16.Bxh6 g6 17.Bxf8 Rxf8 18.Rfe1 Qxc2 19.Qe3 Bxd3 20.Rec1 Qxb2 
21.Qxd3 Qxb7 22.Rab1 Qc8 23.Rb2 Kg7 24.Rbc2 c5 25.Qxd6 Rd8 26.Qxe5+ f6 27.
Qb2 Qd7 28.h3 Qd4 29.Qxd4 Rxd4 30.f3 c4 31.Kf2 c3 32.Rxc3 Rd2+ 33.Ke3 Rxa2
34.R1c2 Rxc2 35.Rxc2 Kh6 36.Ra2 g5 37.g3 Kh5 38.Ra5 Kg6 39.Rxa7 f5 40.
exf5+ Kxf5 41.g4+ Kg6 42.Ra6+ Kg7 43.f4 gxf4+ 44.Kxf4 Kf7 45.h4 Ke7 46.g5 
1-0

[Event "LJEM M-V 2023 u12"]
[Site "Fleether Mühle"]
[Date "2023.02.06"]
[Round "4.9"]
[White "Lieb, Attila"]
[Black "Stigge, Jakob"]
[Result "1-0"]
[WhiteElo "748"]
[BlackElo "786"]
[Time "08:30:00"]
[WhiteTeam "ESV 1888 Wittenberge"]
[BlackTeam "SSC Rostock 07"]

1.d4 d5 2.Nf3 Nf6 3.Bf4 Nc6 4.c3 Bf5 5.Qb3 b6 6.e3 Na5 7.Qd1 e6 8.Be2 Bd6 
9.Bxd6 cxd6 10.Nbd2 O-O 11.O-O Ne4 12.Nxe4 dxe4 13.Nd2 Qg5 14.Re1 Bh3 15.
Bf1 Bf5 16.Qe2 Bg4 17.Qb5 Qxb5 18.Bxb5 Bf5 19.h3 Bg6 20.Rac1 Rfc8 21.b4 
Nb7 22.Ba6 Rcb8 23.c4 Nd8 24.c5 bxc5 25.bxc5 dxc5 26.dxc5 Nc6 27.a4 Rb4 
28.Bb5 Rc8 29.Ra1 Na5 30.Rec1 f6 31.c6 Be8 32.c7 Bxb5 33.axb5 Rxb5 34.Nxe4
Rd5 35.Rxa5 Rxa5 36.Nd6 Rf8 37.c8=Q Rxc8 38.Rxc8# 1-0

[Event "LJEM M-V 2023 u12"]
[Site "Fleether Mühle"]
[Date "2023.02.06"]
[Round "4.10"]
[White "Hampe, Adrian"]
[Black "Ludwig, Theo Lennard"]
[Result "1-0"]
[WhiteElo "763"]
[BlackElo "746"]
[Time "08:30:00"]
[WhiteTeam "Lok Gymnas Pritzwalk"]
[BlackTeam "SV Grün-Weiß 90 Anklam"]

1.e4 e5 2.Nf3 Nc6 3.Bc4 Nf6 4.d3 Bc5 5.Bg5 d6 6.Nc3 Bg4 7.Nd5 O-O 8.h3 Be6
9.Nxf6+ gxf6 10.Bh6 Re8 11.Bxe6 fxe6 12.Nh4 Qe7 13.O-O f5 14.exf5 Qxh4 15.
Qg4+ Qxg4 16.hxg4 Nb4 17.c3 Nxd3 18.g3 Nxb2 19.Kg2 d5 20.Rab1 Na4 21.Bd2 
d4 22.Rfc1 dxc3 23.Bxc3 Nxc3 24.Rxc3 Bd6 25.f4 exf4 26.gxf4 exf5 27.gxf5 
Rf8 28.Rh1 Rxf5 29.Rch3 Rf7 30.Rb1 b6 31.Rg3+ Kf8 32.Rg1 Bxf4 33.Rg4 Be3 
34.Rb1 Rg7 35.Rf1+ Kg8 36.Kh3 Rxg4 37.Kxg4 c5 38.Re1 Bd2 39.Re2 Rd8 40.Re7
c4 41.Kf5 c3 42.Rc7 Rf8+ 43.Ke6 Bg5 44.Rxc3 Rf6+ 45.Ke5 h5 46.Rg3 Rg6 47.
Kf5 h4 48.Rg4 h3 49.Kxg6 Be3 50.Rh4 Bd4 51.Rxh3 a5 52.a4 b5 53.axb5 Kf8 
54.Ra3 Bb6 55.Kf6 Ke8 56.Ke6 Kd8 57.Kd6 Bc7+ 58.Kc6 Kc8 59.b6 Bd8 60.Rxa5 
Bxb6 61.Kxb6 Kd7 62.Kb5 Ke6 63.Kb4 Kf6 64.Rd5 Ke6 65.Kc4 Ke7 66.Kd4 Kf6 
67.Ke4 Kg7 68.Rd6 Kf7 69.Ke5 Kg8 70.Rd7 Kf8 71.Ke6 Kg8 72.Kf6 Kf8 73.Rd8# 
1-0

[Event "LJEM M-V 2023 u12"]
[Site "Fleether Mühle"]
[Date "2023.02.07"]
[Round "5.1"]
[White "Schröder, Hannes Artur"]
[Black "Vakeel, Eshwar"]
[Result "1/2-1/2"]
[WhiteElo "1290"]
[BlackElo "1291"]
[EventDate "2023.??.??"]
[PlyCount "77"]
[WhiteTeam "SG Eintracht Neubrandenburg"]
[BlackTeam "SSC Rostock 07"]

1.e4 e5 2.Nf3 Nc6 3.Bb5 Nf6 4.O-O a6 5.Ba4 b5 6.Bb3 Bc5 7.Re1 d6 8.c3 Bg4 
9.h3 Bh5 10.d3 h6 11.Nbd2 b4 12.Nf1 O-O 13.Ng3 a5 14.Nxh5 Nxh5 15.Bd5 Ra6 
16.d4 exd4 17.cxd4 Ba7 18.Be3 Ne7 19.Bb3 c5 20.Bc4 Rc6 21.d5 Rc8 22.Qd2 
Kh7 23.a3 Bb8 24.axb4 cxb4 25.b3 Nf6 26.Bd4 Nd7 27.Qb2 f6 28.Bd3 Ne5 29.
Ba6 Nxf3+ 30.gxf3 Ba7 31.Bxc8 Bxd4 32.Qxd4 Qxc8 33.Kg2 Ng6 34.Qe3 Re8 35.
Qd2 Nh4+ 36.Kg3 g5 37.Qd3 Re5 38.Qc4 Qd7 39.Qc6 1/2-1/2

[Event "LJEM M-V 2023 u12"]
[Site "Fleether Mühle"]
[Date "2023.02.07"]
[Round "5.2"]
[White "Briese, Sophie"]
[Black "Gavrylyuk, Oleksandr"]
[Result "1/2-1/2"]
[WhiteElo "1050"]
[BlackElo "1226"]
[Time "08:30:00"]
[WhiteTeam "SAV Torgelow-Drögeheide 90"]
[BlackTeam "TuS Makkabi Rostock"]

1.e4 c5 2.Nf3 Nc6 3.d4 cxd4 4.Nxd4 g6 5.Nc3 Bg7 6.Be3 Nf6 7.Bc4 Qa5 8.O-O 
O-O 9.Bb3 d6 10.h3 Bd7 11.Re1 Rac8 12.f4 a6 13.Nf3 b5 14.a3 Qc7 15.Qd2 Na5
16.e5 dxe5 17.fxe5 Ne8 18.Nd5 Nxb3 19.cxb3 Qd8 20.Bb6 Nc7 21.Bxc7 Rxc7 22.
Nxc7 Qxc7 23.Qc3 Qb7 24.a4 b4 25.Qe3 h6 26.Re2 Kh7 27.Nd4 e6 28.Qe4 Qb6 
29.Rf1 1/2-1/2

[Event "LJEM M-V 2023 u12"]
[Site "Fleether Mühle"]
[Date "2023.02.07"]
[Round "5.3"]
[White "Jakobi, Paul Leonhard"]
[Black "Lange, Friedrich"]
[Result "1-0"]
[WhiteElo "888"]
[BlackElo "883"]
[Time "08:30:00"]
[WhiteTeam "SF Schwerin"]
[BlackTeam "TSG Neustrelitz"]

1.e4 c5 2.c3 Nc6 3.Nf3 Nf6 4.e5 Nd5 5.Bc4 e6 6.d4 cxd4 7.cxd4 Bb4+ 8.Bd2 
Nf4 9.O-O Bxd2 10.Qxd2 Nd5 11.Bxd5 exd5 12.Nc3 Ne7 13.Rac1 O-O 14.Rfe1 d6 
15.exd6 Qxd6 16.Nb5 Qd7 17.Nc7 Rb8 18.Ne5 Qd6 19.Nb5 Qb6 20.Nc3 Nc6 21.
Nxd5 Qxd4 22.Qxd4 Nxd4 23.Ne7+ Kh8 24.Rxc8 Rfxc8 25.Nxc8 Rxc8 26.Nxf7+ Kg8
27.Nd6 Ne2+ 28.Kf1 Rc6 29.Nxb7 Nd4 30.f3 Rb6 31.Re7 Rxb2 32.Nd6 Rb8 33.
Rxa7 Nc6 34.Rc7 Nb4 35.a3 Nd5 36.Rc8+ Rxc8 37.Nxc8 Ne3+ 38.Kf2 Nd1+ 39.Kg3
g5 40.a4 h5 41.h4 gxh4+ 42.Kxh4 Ne3 43.g4 hxg4 44.fxg4 Nc4 45.Kg5 Kf7 46.
Kh6 Ke6 47.g5 Kd7 48.Nb6+ Ke7 49.g6 Ne5 50.g7 Nf7+ 51.Kh7 Ng5+ 52.Kg6 Nf7 
53.g8=Q Ne5+ 54.Kf5 Nf7 55.Nd5+ Kd7 56.Qxf7+ Kd6 57.Qe6+ Kc5 58.Ne7 Kb4 
59.a5 Kxa5 60.Qc6 Kb4 61.Qd5 Ka4 62.Qc5 Kb3 63.Qd4 Ka3 64.Qc4 Kb2 65.Qd3 
Ka2 66.Qc3 Kb1 67.Qd2 Ka1 68.Nd5 Kb1 69.Nc3+ Ka1 70.Qa2# 1-0

[Event "LJEM M-V 2023 u12"]
[Site "Fleether Mühle"]
[Date "2023.02.07"]
[Round "5.4"]
[White "Wilke, Ronja"]
[Black "Lott, Konstantin"]
[Result "0-1"]
[WhiteElo "1193"]
[BlackElo "873"]
[Time "08:30:00"]
[WhiteTeam "SAV Torgelow-Drögeheide 90"]
[BlackTeam "Think Rochade - SC HRO"]

1.e4 e5 2.Nf3 Nc6 3.Bc4 Nf6 4.d3 Bc5 5.Nc3 d6 6.O-O Bg4 7.Bg5 Nd4 8.Kh1 
Nxf3 9.gxf3 Bh3 10.Rg1 Bxf2 11.Bxf6 Qxf6 12.Nd5 Qd8 13.Rxg7 c6 14.Nc3 d5 
15.exd5 Qf6 16.Rg1 Bxg1 17.Qxg1 Qxf3+ 18.Qg2 Qxg2# 0-1

[Event "LJEM M-V 2023 u12"]
[Site "Fleether Mühle"]
[Date "2023.02.07"]
[Round "5.5"]
[White "Wetzig, Karl Anton"]
[Black "Martinez, Gabriel"]
[Result "1-0"]
[WhiteElo "936"]
[BlackElo "793"]
[Time "08:30:00"]
[WhiteTeam "SF Schwerin"]
[BlackTeam "Think Rochade - SC HRO"]

1.e4 e5 2.Nf3 Nc6 3.Bc4 d6 4.h3 Nf6 5.c3 d5 6.exd5 Nxd5 7.O-O Be7 8.Re1 
Bf6 9.d4 Qd6 10.Bxd5 Qxd5 11.Bf4 e4 12.Nbd2 Bf5 13.Ng5 O-O 14.Ngxe4 Bxe4 
15.Nxe4 Rae8 16.Nxf6+ gxf6 17.Bh6 Rxe1+ 18.Qxe1 Ra8 19.Qe2 Qd6 20.Qg4+ Kh8
21.Qg7# 1-0

[Event "LJEM M-V 2023 u12"]
[Site "Fleether Mühle"]
[Date "2023.02.07"]
[Round "5.6"]
[White "Brandauer, Pia Marie"]
[Black "Jaap, Leo"]
[Result "0-1"]
[WhiteElo "880"]
[BlackElo "790"]
[Time "08:30:00"]
[WhiteTeam "SAV Torgelow-Drögeheide 90"]
[BlackTeam "Greifswalder SV"]

1.e4 e5 2.Nf3 Nc6 3.Bc4 Bc5 4.c3 Nf6 5.d4 exd4 6.e5 Ng4 7.h3 Ngxe5 8.Nxe5 
Nxe5 9.cxd4 Bb4+ 10.Bd2 Bxd2+ 11.Nxd2 Nc6 12.d5 Nb4 13.O-O d6 14.Nf3 O-O 
15.a3 Na6 16.Bxa6 bxa6 17.Qc2 Bb7 18.h4 h6 19.Rad1 Re8 20.g4 Qd7 21.g5 
Qg4+ 22.Kh2 Qxf3 23.Qxc7 Qf4+ 24.Kh3 Qf5+ 25.Kh2 Qe5+ 26.Kg1 Bxd5 27.f4 
Qe4 28.Kh2 Qg2# 0-1

[Event "LJEM M-V 2023 u12"]
[Site "Fleether Mühle"]
[Date "2023.02.07"]
[Round "5.7"]
[White "Lieb, Attila"]
[Black "Subocz, Barbara"]
[Result "0-1"]
[WhiteElo "748"]
[BlackElo "900"]
[Time "08:30:00"]
[WhiteTeam "ESV 1888 Wittenberge"]
[BlackTeam "SAV Torgelow-Drögeheide 90"]

1.d4 Nf6 2.Nf3 g6 3.Bf4 Bg7 4.c3 O-O 5.Nbd2 d6 6.h3 Nbd7 7.e3 Qe8 8.Be2 e5
9.Bh2 c6 10.O-O Qe7 11.Qb3 Kh8 12.Bg3 Nh5 13.Bh4 Qe8 14.Ng5 Nhf6 15.Nc4 d5
16.Nd6 Qe7 17.Ndxf7+ Rxf7 18.Nxf7+ Qxf7 19.Bxf6 Qxf6 20.Bg4 Qe7 21.Bxd7 
Qxd7 22.Rfe1 e4 23.Rf1 Qe7 24.Rae1 Qg5 25.Kh1 Bf8 26.Re2 Bd6 27.f4 exf3 
28.gxf3 Qg3 29.Rff2 Qxh3+ 30.Kg1 Rb8 31.Qa4 a6 32.Re1 Qg3+ 33.Kf1 Bf5 34.
e4 dxe4 35.fxe4 Qd3+ 36.Rfe2 Bg4 37.Qc2 Qh3+ 38.Rg2 Qh1+ 39.Rg1 Rf8+ 0-1

[Event "LJEM M-V 2023 u12"]
[Site "Fleether Mühle"]
[Date "2023.02.07"]
[Round "5.8"]
[White "Stigge, Jakob"]
[Black "Isaiev, Andrii"]
[Result "0-1"]
[WhiteElo "786"]
[BlackElo "796"]
[Time "08:30:00"]
[WhiteTeam "SSC Rostock 07"]
[BlackTeam "TuS Makkabi Rostock"]

1.e4 e5 2.Nf3 Nc6 3.Bc4 Bc5 4.Nc3 d6 5.h3 Nge7 6.O-O O-O 7.d3 Be6 8.Bxe6 
fxe6 9.Bg5 h6 10.Bxe7 Nxe7 11.Qd2 Bb4 12.a3 Ba5 13.d4 Nc6 14.dxe5 dxe5 15.
Qe3 Bb6 16.Qe2 Nd4 17.Nxd4 exd4 18.Rad1 e5 19.Qc4+ Kh8 20.Rd3 Qe7 21.Nb5 
c5 22.c3 Rad8 23.cxd4 exd4 24.f3 a6 25.a4 axb5 26.axb5 Rd6 27.Re1 Qe6 28.
Qxe6 Rxe6 29.b3 Ba5 30.Re2 Rb6 31.e5 Re8 32.f4 g6 33.g4 g5 34.fxg5 hxg5 
35.h4 Kg7 36.hxg5 Kg6 37.Kg2 Kxg5 38.Kg3 Rbe6 39.Rh2 Rxe5 40.Rh5+ Kg6 41.
Rxe5 Rxe5 42.Kf3 Kg5 43.b6 Bxb6 44.Rd2 Re3+ 45.Kf2 Rxb3 0-1

[Event "LJEM M-V 2023 u12"]
[Site "Fleether Mühle"]
[Date "2023.02.07"]
[Round "5.9"]
[White "Hampe, Adrian"]
[Black "Volkmann, Liliera"]
[Result "1-0"]
[WhiteElo "763"]
[BlackElo "844"]
[Time "08:30:00"]
[WhiteTeam "Lok Gymnas Pritzwalk"]
[BlackTeam "TuS Makkabi Rostock"]

1.e4 e5 2.Nf3 Nc6 3.Bc4 f6 4.d3 Bc5 5.Nc3 d6 6.h3 Nge7 7.O-O Nd4 8.Nd5 
Nxd5 9.Bxd5 c6 10.Bb3 Nxb3 11.cxb3 O-O 12.Nh4 f5 13.Qh5 g6 14.Nxg6 hxg6 
15.Qxg6+ Kh8 16.Qh6+ Kg8 17.Qg6+ Kh8 18.Qh6+ Kg8 19.Bg5 Qd7 20.Qg6+ Kh8 
21.Qh6+ Kg8 22.Qg6+ Kh8 23.Bf6+ Qg7 24.Qxg7# 1-0

[Event "LJEM M-V 2023 u12"]
[Site "Fleether Mühle"]
[Date "2023.02.07"]
[Round "5.10"]
[White "Ludwig, Theo Lennard"]
[Black "Schmechel, Arthur"]
[Result "1/2-1/2"]
[WhiteElo "746"]
[BlackElo "764"]
[Time "08:30:00"]
[WhiteTeam "SV Grün-Weiß 90 Anklam"]
[BlackTeam "SG Güstrow/Teterow"]

1.e4 e5 2.Nf3 Nc6 3.Nc3 Nf6 4.Bc4 Bc5 5.d3 d6 6.O-O h6 7.Be3 Nd7 8.Nd5 O-O
9.Bxc5 Nxc5 10.d4 exd4 11.Nxd4 Nxd4 12.Qxd4 Ne6 13.Qe3 c6 14.Nf4 Nxf4 15.
Qxf4 Be6 16.Bd3 d5 17.c4 dxc4 18.Bc2 Qd7 19.e5 Bg4 20.Qe4 g6 21.Qf4 Kg7 
22.Qf6+ Kg8 23.Qf4 Rad8 24.Qxc4 Be6 25.Qh4 Qd2 26.Qa4 Rd4 27.Rfd1 Rxa4 28.
Rxd2 Rc4 1/2-1/2

[Event "LJEM M-V 2023 u12"]
[Site "Fleether Mühle"]
[Date "2023.02.07"]
[Round "6.1"]
[White "Jakobi, Paul Leonhard"]
[Black "Schröder, Hannes Artur"]
[Result "1/2-1/2"]
[WhiteElo "888"]
[BlackElo "1290"]
[EventDate "2023.??.??"]
[PlyCount "113"]
[WhiteTeam "SF Schwerin"]
[BlackTeam "SG Eintracht Neubrandenburg"]

1.e4 e5 2.Nf3 Nc6 3.Bc4 Bc5 4.c3 d6 5.d4 exd4 6.cxd4 Bb4+ 7.Nc3 Nf6 8.O-O 
O-O 9.Re1 Bg4 10.h3 Bxf3 11.Qxf3 Nxd4 12.Qd3 Nc6 13.a3 Ne5 14.Qe2 Bxc3 15.
bxc3 Nxc4 16.Qxc4 h6 17.Bf4 Re8 18.Rad1 Re6 19.e5 Qe7 20.Qb4 c5 21.Qb1 
dxe5 22.Bg3 b6 23.Re3 Re8 24.Rde1 e4 25.c4 Qb7 26.a4 Qa6 27.Qc2 Qa5 28.Bh4
g5 29.Bg3 Rd8 30.R3e2 Rd4 31.h4 Qb4 32.Rc1 a6 33.hxg5 hxg5 34.f3 b5 35.
cxb5 axb5 36.Qxc5 Qxc5 37.Rxc5 bxa4 38.Rxg5+ Kf8 39.Ra5 exf3 40.Rxe6 fxe6 
41.gxf3 Ne4 42.fxe4 Rxe4 43.Kf2 Kf7 44.Kf3 Rb4 45.Ke2 Rb3 46.Bd6 Rb6 47.
Bc5 Rc6 48.Kd3 e5 49.Kc4 Ke6 50.Kb4 Kf5 51.Kxa4 Kf4 52.Kb4 e4 53.Ra3 Re6 
54.Be3+ Kf3 55.Kc4 Re8 56.Kd4 Rd8+ 57.Kc4 1/2-1/2